Hazor; the rediscovery of a great citadel of the Bible /

محفوظ في:

المؤلف الرئيسي: Yadin, Yigael, 1917-1984.

التنسيق: كتاب

اللغة: English

منشور في: New York : Random House, [1975].

الطبعة: [1st American ed.]

الموضوعات:

الوسوم: إضافة وسم

لا توجد وسوم, كن أول من يضع وسما على هذه التسجيلة!

رقم الطلب: DS110 .H38 Y28 1975

LEADER 00854nam a2200277 4500
001 rdb00960441
003 OSt
005 20241024080527.0
008 740322r1975 nyua 000 0 eng
999 |c 55256  |d 55256 
010 |a 74005406 //r914 
020 |a 0394494547 
040 |c ARCE Library 
043 |a a-is--- 
050 4 |a DS110 .H38 Y28 1975 
100 1 |a Yadin, Yigael,  |d 1917-1984. 
245 1 0 |a Hazor; the rediscovery of a great citadel of the Bible /   |c [by] Yigael Yadin. 
250 |a [1st American ed.] 
260 |a New York :  |b Random House,  |c [1975]. 
300 |a 280 p. :  |b illus. (part col.),   |c 26 cm. 
500 |a Digital copy is on the Internet Archive website. 
651 0 |a Ḥaẓor, Palestine   |x Antiquities. 
651 0 |a Gezer (Israel)  |x Antiquities. 
651 0 |a Megiddo (Extinct city) 
901 |a reviewed 
942 |2 lcc  |c BK